Tendencii mirovoj ekonomiki i meždunarodnoj torgovli. Vesna 1991 g. Doklad, podgotovlennyj gruppoj ekspertov Instituta po issledovaniju kon'junktury i rynkov i po informatike (KOPINT-DATORG).
Stav a perspektívy ekonomiky východoeurópskych krajín. Údaje o zadlženosti jednotlivých štátov vo voľne zameniteľnej mene. Úvery na rozvoj z Európskej investičnej banky. Analýza procesov prebiehajúcich v ekonomike jednotlivých štátov.
Gespeichert in:
| Format: | Buchkapitel |
|---|---|
| Sprache: | Russisch |
| Schlagworte: | |
| Tags: |
Keine Tags, Fügen Sie das erste Tag hinzu!
|
MARC
| LEADER | 00000naa a2200000 4500 | ||
|---|---|---|---|
| 001 | r005555 | ||
| 005 | 20221130103922.8 | ||
| 041 | 0 | |a rus | |
| 044 | |a [SU] | ||
| 245 | 1 | 0 | |a Tendencii mirovoj ekonomiki i meždunarodnoj torgovli. Vesna 1991 g. Doklad, podgotovlennyj gruppoj ekspertov Instituta po issledovaniju kon'junktury i rynkov i po informatike (KOPINT-DATORG). |
| 520 | |a Stav a perspektívy ekonomiky východoeurópskych krajín. Údaje o zadlženosti jednotlivých štátov vo voľne zameniteľnej mene. Úvery na rozvoj z Európskej investičnej banky. Analýza procesov prebiehajúcich v ekonomike jednotlivých štátov. | ||
| 610 | 2 | 0 | |a hospodárstvo svetové |
| 610 | 2 | 0 | |a zadlženosť zahraničná |
| 610 | 2 | 0 | |a konvertibilita |
| 610 | 2 | 0 | |a úver zahraničný |
| 610 | 2 | 0 | |a 1991 |
| 610 | 2 | 0 | |a Európska investičná banka |
| 610 | 2 | 0 | |a východná Európa |
| 610 | 2 | 0 | |a obchod medzinárodný |